000 00969nam a2200265Ia 4500
003 OSt
005 20221005110118.0
006 a|||||r|||| 00| 0
007 ta
008 221004b |||||||| |||| 00| 0 hin d
020 _a8126020458 (pbk)
_c125
024 _a92221
037 _b534, 19/03/2009, Vani Prakashan
_cTextual
040 _aCRL
_cCRL
_bhin
041 _2hin
_ahin
082 _aV2xN10, 152P5
100 _aठाकुर, खगेन्द्र
245 0 _aभगवतशरण उपाध्याय
246 _aBhagavatasharaṇ upādhyāya
260 _aनई दिल्ली
_bसाहित्य अकादेमी भारत
_c2005
300 _a96पृ0.
_ccm.
490 _aभारतीय साहित्य के निर्माता
942 _hV2xN10, 152P5
_cTEXL
_2cc
999 _c1017852
_d1017852